[Event "CHN-ch Gp-B"]
[Site "Liaocheng"]
[Date "2024.04.23"]
[Round "6"]
[White "Zhang, Ziji"]
[Black "Zhang, Di"]
[Result "1/2-1/2"]
[WhiteElo "2392"]
[BlackElo "2303"]
[PlyCount "57"]
[EventDate "2024.04.21"]
[EventType "swiss"]
[EventRounds "11"]
[EventCountry "CHN"]
[SourceTitle "CB18_2024"]
[SourceDate "2024.05.01"]
[SourceVersion "1"]
[SourceVersionDate "2024.05.01"]
[SourceQuality "2"]

1. d4 d5 2. c4 c6 3. Nc3 Nf6 4. e3 g6 5. Nf3 Bg7 6. Be2 0-0 7. 0-0 dxc4 8. Bxc4 Bg4 9. h3 Bxf3 10. Qxf3 Nbd7 11. Rd1 e5 12. d5 e4 13. Nxe4 Ne5 14. Nxf6+ Bxf6 15. Qe2 Nxc4 16. Qxc4 cxd5 17. Rxd5 Qc8 18. Qb3 Rd8 19. Rxd8+ Qxd8 20. e4 Qd4 21. Be3 Qxe4 22. Rd1 Qc6 23. Rc1 Qd7 24. Qc2 a6 25. Qc7 Qd5 26. Qc4 Qd7 27. Qc7 Qd5 28. Qc4 Qd7 29. Qc7 1/2-1/2

[Event "CHN-ch Gp-B"]
[Site "Liaocheng"]
[Date "2024.04.21"]
[Round "2"]
[White "Qu, Haoming"]
[Black "Zhang, Di"]
[Result "0-1"]
[WhiteElo "1786"]
[BlackElo "2303"]
[PlyCount "100"]
[EventDate "2024.04.21"]
[EventType "swiss"]
[EventRounds "11"]
[EventCountry "CHN"]
[SourceTitle "CB18_2024"]
[SourceDate "2024.05.01"]
[SourceVersion "1"]
[SourceVersionDate "2024.05.01"]
[SourceQuality "2"]

1. d4 Nf6 2. c4 e6 3. g3 d5 4. Bg2 Be7 5. Nf3 0-0 6. 0-0 a5 7. Qc2 Nc6 8. a3 dxc4 9. Qxc4 a4 10. Nc3 Bd7 11. Qd3 Nd5 12. e4 Nxc3 13. Qxc3 Na5 14. Bf4 Bd6 15. Ne5 Bb5 16. Rfe1 Nb3 17. Rad1 Rc8 18. Bh3 c6 19. Be3 Qe7 20. Nd3 Bc7 21. Nb4 Rfd8 22. Bf1 Ba5 23. Bc4 Bxc4 24. Qxc4 b5 25. Qc3 e5 26. dxe5 c5 27. Nd5 Rxd5 28. exd5 Bxc3 29. bxc3 Na5 30. d6 Qd7 31. Rd5 Nb7 32. f4 h5 33. Red1 h4 34. Kg2 b4 35. axb4 cxb4 36. cxb4 a3 37. R1d2 Rc3 38. Bc5 hxg3 39. hxg3 a2 40. Rxa2 Qc6 41. Rad2 Nxc5 42. bxc5 Rxc5 43. Kh3 Rxd5 44. Rxd5 Qxd5 45. Kg4 Kh7 46. Kg5 Qf3 47. g4 Qh3 48. Kf5 Kh6 49. e6 Qd3+ 50. Ke5 f6# 0-1

[Event "CHN-chT"]
[Site "Qingdao"]
[Date "2024.04.08"]
[Round "7.4"]
[White "Zhang, Di"]
[Black "Chen, Hongsen"]
[Result "1/2-1/2"]
[WhiteElo "2303"]
[BlackElo "2171"]
[PlyCount "65"]
[EventDate "2024.04.02"]
[EventType "team-swiss"]
[EventRounds "9"]
[EventCountry "CHN"]
[SourceTitle "CB16_2024"]
[SourceDate "2024.04.17"]
[SourceVersion "1"]
[SourceVersionDate "2024.04.17"]
[SourceQuality "1"]
[WhiteTeam "Beijing"]
[BlackTeam "Jiangsu"]
[WhiteTeamCountry "CHN"]
[BlackTeamCountry "CHN"]

1. e4 e5 2. Nf3 Nc6 3. Nc3 Nf6 4. d4 exd4 5. Nxd4 Bb4 6. Nxc6 bxc6 7. Bd3 0-0 8. 0-0 d5 9. exd5 cxd5 10. h3 c6 11. Qf3 Re8 12. Bf4 Bd6 13. Rfe1 Be6 14. b3 Qc7 15. Bxd6 Qxd6 16. Rad1 Rad8 17. Na4 c5 18. Bb5 Bd7 19. Bxd7 Rxe1+ 20. Rxe1 Nxd7 21. Nb2 Nf8 22. Nd3 Ne6 23. h4 h6 24. Ne5 Qc7 25. c3 a5 26. g3 a4 27. Kg2 axb3 28. axb3 d4 29. c4 Rb8 30. Nc6 Rc8 31. Ne5 Rb8 32. Nc6 Rc8 33. Ne5 1/2-1/2

[Event "Tianjin Binhai Cup-A 3rd"]
[Site "Tianjin"]
[Date "2023.08.24"]
[Round "7"]
[White "Zhang, Di"]
[Black "Li, Bo"]
[Result "1-0"]
[WhiteElo "2325"]
[BlackElo "2227"]
[PlyCount "173"]
[EventDate "2023.08.20"]
[EventType "swiss"]
[EventRounds "9"]
[EventCountry "CHN"]
[SourceTitle "CBM 215 Extra"]
[Source "ChessBase"]
[SourceDate "2023.09.30"]
[SourceVersion "1"]
[SourceVersionDate "2023.09.30"]
[SourceQuality "1"]

1. d4 Nf6 2. Bg5 d5 3. e3 c5 4. Bxf6 gxf6 5. dxc5 e6 6. c4 dxc4 7. Nd2 c3 8. bxc3 Bxc5 9. Qh5 f5 10. Ngf3 Nc6 11. Ng5 Qf6 12. Nde4 fxe4 13. Nxe4 Qg6 14. Qxg6 hxg6 15. Nxc5 Ke7 16. Be2 Rb8 17. Nb3 b6 18. 0-0 Bb7 19. Rfc1 Rhc8 20. f3 Rc7 21. a4 Ne5 22. a5 Bd5 23. Nd4 Bc4 24. Rcb1 Bxe2 25. axb6 axb6 26. Nxe2 Nc4 27. Kf2 e5 28. Ra4 Rd8 29. Rbb4 Rdc8 30. e4 f5 31. exf5 gxf5 32. f4 exf4 33. Nxf4 Rc5 34. Nd3 R5c6 35. Ra7+ Kf6 36. Rh7 Kg6 37. Rd7 Kf6 38. h3 Ne5 39. Nxe5 Kxe5 40. Rb5+ Rc5 41. Rxb6 Rxc3 42. Re7+ Kd5 43. Rd7+ Ke5 44. Re7+ Kd5 45. Re2 R8c5 46. Rf6 Kd4 47. Rd6+ Kc4 48. Red2 Kb5 49. R6d5 Kc6 50. Rxc5+ Kxc5 51. Rd8 Kb6 52. Rd5 Rc2+ 53. Kf3 Rc3+ 54. Kf4 Rc2 55. Kg3 Rc3+ 56. Kh2 f4 57. Rf5 Rc4 58. Kg1 Kc6 59. Kf2 Kd6 60. Kf3 Rc2 61. Rxf4 Ke5 62. Rf8 Rc4 63. Kg3 Ra4 64. h4 Ke6 65. Rf3 Rb4 66. Kh3 Rb1 67. h5 Re1 68. Kh4 Ke5 69. g4 Ke4 70. Rf8 Ra1 71. h6 Ra6 72. Kh5 Ra5+ 73. g5 Ra7 74. Kg6 Ra6+ 75. Kg7 Ra7+ 76. Rf7 Rxf7+ 77. Kxf7 Kf5 78. g6 Kg5 79. h7 Kf5 80. h8Q Ke4 81. Qh5 Kd4 82. g7 Ke4 83. g8Q Kd4 84. Qgg4+ Ke3 85. Qhh3+ Kd2 86. Qgg2+ Ke1 87. Qhh1# 1-0

[Event "Tianjin Binhai Cup-A 3rd"]
[Site "Tianjin"]
[Date "2023.08.23"]
[Round "6"]
[White "Xu, Yinglun"]
[Black "Zhang, Di"]
[Result "1-0"]
[WhiteElo "2531"]
[BlackElo "2325"]
[PlyCount "75"]
[EventDate "2023.08.20"]
[EventType "swiss"]
[EventRounds "9"]
[EventCountry "CHN"]
[SourceTitle "CBM 215 Extra"]
[Source "ChessBase"]
[SourceDate "2023.09.30"]
[SourceVersion "1"]
[SourceVersionDate "2023.09.30"]
[SourceQuality "1"]

1. Nf3 d6 2. d4 Nf6 3. c4 Nbd7 4. Nc3 e5 5. e4 Be7 6. Be2 0-0 7. 0-0 c6 8. Qc2 Qc7 9. Rd1 a6 10. h3 b5 11. b4 Bb7 12. Bb2 Rac8 13. Rac1 Qb8 14. c5 exd4 15. Nxd4 g6 16. Nb3 Rfe8 17. Nb1 Bf8 18. N1d2 Rcd8 19. Rb1 dxc5 20. bxc5 Bg7 21. Bc3 h5 22. a4 h4 23. axb5 axb5 24. Bd4 Nf8 25. Be3 Ne6 26. Bf1 Nh5 27. Nf3 Bf6 28. Na5 Qc7 29. Nxb7 Qxb7 30. Rd6 Be7 31. e5 Nhg7 32. Bd3 Rb8 33. Rb4 Qa6 34. Kh2 Rec8 35. Rxe6 Nxe6 36. Bxg6 Bf8 37. Bh7+ Kh8 38. Rxh4 1-0

[Event "Tianjin Binhai Cup-A 3rd"]
[Site "Tianjin"]
[Date "2023.08.22"]
[Round "4"]
[White "Gong, Sunle"]
[Black "Zhang, Di"]
[Result "0-1"]
[WhiteElo "2014"]
[BlackElo "2325"]
[PlyCount "96"]
[EventDate "2023.08.20"]
[EventType "swiss"]
[EventRounds "9"]
[EventCountry "CHN"]
[SourceTitle "CBM 215 Extra"]
[Source "ChessBase"]
[SourceDate "2023.09.30"]
[SourceVersion "1"]
[SourceVersionDate "2023.09.30"]
[SourceQuality "1"]

1. d4 d6 2. c4 e5 3. d5 g6 4. e4 Nd7 5. Nc3 a5 6. Bd3 h5 7. Nge2 Bh6 8. Bxh6 Nxh6 9. Qd2 Nc5 10. Bc2 Ng4 11. f3 Nf6 12. 0-0-0 Nfd7 13. h4 Nb6 14. b3 Bd7 15. Kb1 a4 16. Nc1 Qb8 17. Bd3 axb3 18. axb3 Qa7 19. Qb2 0-0 20. Be2 f5 21. Nd3 Nc8 22. Nxc5 Qxc5 23. b4 Qe3 24. Bd3 Nb6 25. Rhe1 Qf4 26. c5 Na4 27. Nxa4 Rxa4 28. Kc2 Qxh4 29. Kc3 Qg5 30. Ra1 Rxa1 31. Qxa1 Qxg2 32. Rg1 Qf2 33. Rxg6+ Kf7 34. Qg1 Qxg1 35. Rxg1 h4 36. exf5 h3 37. cxd6 cxd6 38. Rg6 Rh8 39. Bf1 h2 40. Bg2 Bxf5 41. Rxd6 Rg8 42. Rh6 Rxg2 43. d6 Ke8 44. Kc4 Rd2 45. Kc3 Rc2+ 46. Kb3 Kd7 47. b5 b6 48. Kb4 e4 0-1

[Event "Tianjin Binhai Cup-A 3rd"]
[Site "Tianjin"]
[Date "2023.08.22"]
[Round "5"]
[White "Zhang, Di"]
[Black "Wang, Shixu B"]
[Result "1/2-1/2"]
[WhiteElo "2325"]
[BlackElo "2415"]
[PlyCount "41"]
[EventDate "2023.08.20"]
[EventType "swiss"]
[EventRounds "9"]
[EventCountry "CHN"]
[SourceTitle "CBM 215 Extra"]
[Source "ChessBase"]
[SourceDate "2023.09.30"]
[SourceVersion "1"]
[SourceVersionDate "2023.09.30"]
[SourceQuality "1"]

1. e4 c5 2. Nf3 d6 3. d4 cxd4 4. Nxd4 Nf6 5. Nc3 a6 6. f4 e5 7. Nb3 Be7 8. fxe5 dxe5 9. Qxd8+ Bxd8 10. Be3 Be7 11. 0-0-0 Bg4 12. Rd3 Nbd7 13. h3 Be6 14. g4 Rc8 15. Bg2 Nc5 16. Rdd1 Nxb3+ 17. axb3 Bc5 18. Bg5 Be7 19. Be3 Bc5 20. Bg5 Be7 21. Be3 1/2-1/2

[Event "Daqing Boyi Cup-A"]
[Site "Daqing"]
[Date "2023.08.16"]
[Round "8"]
[White "Zhang, Zhuoran"]
[Black "Zhang, Di"]
[Result "1/2-1/2"]
[WhiteElo "1859"]
[BlackElo "2325"]
[PlyCount "73"]
[EventDate "2023.08.13"]
[EventType "swiss"]
[EventRounds "9"]
[EventCountry "CHN"]
[SourceTitle "EXT 2024"]
[Source "ChessBase"]
[SourceDate "2023.10.10"]
[SourceVersion "1"]
[SourceVersionDate "2023.10.10"]
[SourceQuality "1"]

1. e4 d6 2. d4 Nf6 3. Nc3 e5 4. Nf3 exd4 5. Nxd4 Be7 6. Bc4 0-0 7. 0-0 c6 8. a4 a5 9. Be3 Na6 10. h3 Nb4 11. Bb3 c5 12. Ndb5 Be6 13. Bd5 Nfxd5 14. Nxd5 Nxd5 15. exd5 Bf5 16. Bf4 Qd7 17. Re1 Rfd8 18. Qd2 Bf8 19. Ra3 c4 20. Rc3 Rac8 21. Re2 h6 22. Rg3 Bg6 23. Qxa5 Qf5 24. Qd2 Ra8 25. a5 Rac8 26. Ra3 Rc5 27. Nc3 Ra8 28. Qd4 h5 29. Ra4 Qc8 30. Ne4 Bxe4 31. Rxe4 Raxa5 32. Rxa5 Rxa5 33. Qxc4 Qxc4 34. Rxc4 Rxd5 35. Rc8 b5 36. Kf1 f6 37. Rc7 1/2-1/2

[Event "Daqing Boyi Cup-A"]
[Site "Daqing"]
[Date "2023.08.15"]
[Round "5"]
[White "Zhang, Di"]
[Black "Wang, Qinxuanyi"]
[Result "1-0"]
[WhiteElo "2325"]
[BlackElo "2032"]
[PlyCount "57"]
[EventDate "2023.08.13"]
[EventType "swiss"]
[EventRounds "9"]
[EventCountry "CHN"]
[SourceTitle "EXT 2024"]
[Source "ChessBase"]
[SourceDate "2023.10.10"]
[SourceVersion "1"]
[SourceVersionDate "2023.10.10"]
[SourceQuality "1"]

1. d4 d5 2. Bg5 c5 3. dxc5 h6 4. Bh4 g5 5. Bg3 Bg7 6. c3 Nf6 7. Nd2 Nbd7 8. Nb3 e5 9. Nf3 Qe7 10. e3 0-0 11. Be2 Re8 12. 0-0 g4 13. Nfd2 h5 14. c4 Nxc5 15. cxd5 Nxd5 16. Nxc5 Qxc5 17. Ne4 Qa5 18. Bh4 Be6 19. Nd6 Reb8 20. Rc1 Qb4 21. Nc4 b5 22. a3 Qf8 23. Na5 a6 24. Bd3 Rc8 25. Nc6 Qd6 26. Ne7+ Kh8 27. Nxc8 Bxc8 28. Rxc8+ Rxc8 29. Be4 1-0

[Event "CHN-chT DivA"]
[Site "Fuling"]
[Date "2023.06.11"]
[Round "6.2"]
[White "Kong, Xiangrui"]
[Black "Zhang, Di"]
[Result "0-1"]
[WhiteElo "2273"]
[BlackElo "2273"]
[PlyCount "90"]
[EventDate "2023.06.05"]
[EventType "team-tourn"]
[EventRounds "11"]
[EventCountry "CHN"]
[SourceTitle "CBM 214 Extra"]
[Source "ChessBase"]
[SourceDate "2023.07.31"]
[SourceVersion "1"]
[SourceVersionDate "2023.07.31"]
[SourceQuality "1"]
[WhiteTeam "Hangzhou"]
[BlackTeam "Beijing"]
[WhiteTeamCountry "CHN"]
[BlackTeamCountry "CHN"]

1. e4 c5 2. Nf3 d6 3. d4 cxd4 4. Nxd4 Nf6 5. Nc3 Nc6 6. Bg5 e6 7. Qd2 a6 8. 0-0-0 Bd7 9. f4 h6 10. Bh4 Be7 11. Nf3 Qc7 12. g3 Rc8 13. Bh3 Na5 14. Bxf6 Nc4 15. Qd3 Bxf6 16. e5 dxe5 17. Ne4 exf4 18. Nxf6+ gxf6 19. gxf4 Bb5 20. Qc3 Qxf4+ 21. Kb1 Nd6 22. Qa3 Be2 23. Nd4 Bxd1 24. Rxd1 Rg8 25. Ne2 Qxh2 26. Qxd6 Qxd6 27. Rxd6 Rc4 28. Kc1 f5 29. Kd2 Ke7 30. Rb6 Rd8+ 31. Ke3 Rxc2 32. Rxb7+ Rd7 33. Rb6 Rdd2 34. Nc3 Rxb2 35. Rxa6 Rh2 36. Bf1 Rh1 37. Bb5 Rh3+ 38. Kd4 Rxc3 39. Kxc3 Rxb5 40. a4 Rd5 41. Kb4 Rd1 42. Rc6 Rb1+ 43. Ka5 f4 44. Ka6 f3 45. Rc7+ Kf8 0-1

[Event "CHN-chT"]
[Site "Hangzhou"]
[Date "2023.05.25"]
[Round "7.4"]
[White "Zhang, Qiwang"]
[Black "Zhang, Di"]
[Result "0-1"]
[WhiteElo "1240"]
[BlackElo "2224"]
[PlyCount "86"]
[EventDate "2023.05.19"]
[EventType "team-swiss"]
[EventRounds "9"]
[EventCountry "CHN"]
[SourceTitle "CBM 214 Extra"]
[Source "ChessBase"]
[SourceDate "2023.07.31"]
[SourceVersion "1"]
[SourceVersionDate "2023.07.31"]
[SourceQuality "1"]
[WhiteTeam "Shanghai"]
[BlackTeam "Beijing"]
[WhiteTeamCountry "CHN"]
[BlackTeamCountry "CHN"]

1. d4 d6 2. c4 e5 3. e3 Nc6 4. Nc3 f5 5. dxe5 dxe5 6. Qxd8+ Nxd8 7. a3 c6 8. Nf3 e4 9. Nd4 Nf6 10. h4 Nf7 11. b3 Ne5 12. Bb2 g6 13. Be2 Bg7 14. 0-0-0 Nfg4 15. Bxg4 Nxg4 16. Rd2 0-0 17. Na4 Ne5 18. Nc5 Re8 19. f4 exf3 20. gxf3 b6 21. Nd3 Nxd3+ 22. Rxd3 Bb7 23. Rg1 Rad8 24. Rgd1 c5 25. Nb5 Bxb2+ 26. Kxb2 Rxd3 27. Rxd3 Bxf3 28. Nxa7 Re4 29. Nc8 Rxh4 30. Nxb6 Rh2+ 31. Kc3 h5 32. b4 cxb4+ 33. axb4 h4 34. c5 h3 35. Nd5 Rh1 36. Kd4 h2 37. Rd2 Rd1 38. Rxd1 Bxd1 39. c6 h1Q 40. c7 Qe4+ 41. Kc5 Qc2+ 42. Kd6 Kf7 43. Nb6 Qd3+ 0-1

[Event "CHN-chT"]
[Site "Hangzhou"]
[Date "2023.05.20"]
[Round "2.4"]
[White "Zhang, Di"]
[Black "Gao, Kai"]
[Result "1-0"]
[WhiteElo "2224"]
[BlackElo "1812"]
[PlyCount "101"]
[EventDate "2023.05.19"]
[EventType "team-swiss"]
[EventRounds "9"]
[EventCountry "CHN"]
[SourceTitle "CBM 214 Extra"]
[Source "ChessBase"]
[SourceDate "2023.07.31"]
[SourceVersion "1"]
[SourceVersionDate "2023.07.31"]
[SourceQuality "1"]
[WhiteTeam "Beijing"]
[BlackTeam "Zhejiang"]
[WhiteTeamCountry "CHN"]
[BlackTeamCountry "CHN"]

1. e4 c6 2. d4 d5 3. exd5 cxd5 4. Nf3 Nc6 5. Ne5 Nf6 6. Bb5 Bd7 7. Nxd7 Qxd7 8. c3 e6 9. 0-0 Bd6 10. Nd2 Qc7 11. g3 0-0 12. Bd3 e5 13. dxe5 Nxe5 14. Nf3 Nxd3 15. Qxd3 Rad8 16. Bg5 Be7 17. Rfe1 Ne4 18. Bxe7 Qxe7 19. Qd4 a6 20. Rad1 Qc7 21. Kg2 b5 22. a4 bxa4 23. Qxa4 Qb7 24. Qc2 Nf6 25. Rd4 Rfe8 26. Ra1 h6 27. Rb4 Qc6 28. Nd4 Qd6 29. Rba4 Ra8 30. Qd3 Ne4 31. Rxa6 Rxa6 32. Qxa6 Qb8 33. Qa2 Qd6 34. Qa4 Rb8 35. Qc2 Qb6 36. Ra2 Qc5 37. Ra6 Rc8 38. Qa4 Qc7 39. Rc6 Qd8 40. Rxc8 Qxc8 41. Qc6 Qd8 42. b4 Qg5 43. Qe8+ Kh7 44. Qxf7 Qd2 45. Ne6 Qxc3 46. Qf5+ Kh8 47. Qxd5 Qxb4 48. Qd7 Qb2 49. Qe8+ Kh7 50. Nf8+ Kg8 51. Nd7+ 1-0

[Event "CHN-ch sf"]
[Site "Hefei"]
[Date "2023.04.25"]
[Round "6"]
[White "Kong, Xiangrui"]
[Black "Zhang, Di"]
[Result "1-0"]
[WhiteElo "2193"]
[BlackElo "2143"]
[PlyCount "99"]
[EventDate "2023.04.23"]
[EventType "swiss"]
[EventRounds "11"]
[EventCountry "CHN"]
[SourceTitle "CBM 214 Extra"]
[Source "ChessBase"]
[SourceDate "2023.07.31"]
[SourceVersion "1"]
[SourceVersionDate "2023.07.31"]
[SourceQuality "1"]

1. e4 d6 2. d4 Nf6 3. Nc3 e5 4. Nf3 exd4 5. Qxd4 Be7 6. b3 Nc6 7. Qd2 Be6 8. Bb2 d5 9. exd5 Nxd5 10. 0-0-0 Bb4 11. Bb5 0-0 12. Bxc6 bxc6 13. Nd4 Qf6 14. Kb1 Bxc3 15. Bxc3 c5 16. Nb5 Qg6 17. g4 c6 18. Na3 Rad8 19. Bb2 h5 20. gxh5 Qxh5 21. Rdg1 f6 22. Qa5 Bf5 23. Re1 Nb4 24. Bc3 Rde8 25. Bxb4 cxb4 26. Qxb4 Rxe1+ 27. Rxe1 Bg6 28. h4 Qf5 29. Rg1 Rd8 30. Qc4+ Bf7 31. Qg4 Qxg4 32. Rxg4 Kh7 33. Kc1 Kh6 34. Nb1 Bh5 35. Ra4 Rd1+ 36. Kb2 Rf1 37. Rf4 Bg6 38. Nd2 Rh1 39. b4 Kh5 40. Nf3 Bf7 41. Nd4 Bd5 42. b5 Rxh4 43. Rxh4+ Kxh4 44. bxc6 g5 45. c7 Bb7 46. c4 Kh3 47. Nf5 Kg2 48. Nd6 Ba6 49. Ka3 Kxf2 50. Kb4 1-0

[Event "CHN-ch sf"]
[Site "Hefei"]
[Date "2023.04.24"]
[Round "3"]
[White "Zhang, Di"]
[Black "Gu, Xianghan"]
[Result "1/2-1/2"]
[WhiteElo "2143"]
[BlackElo "1798"]
[PlyCount "131"]
[EventDate "2023.04.23"]
[EventType "swiss"]
[EventRounds "11"]
[EventCountry "CHN"]
[SourceTitle "CBM 214 Extra"]
[Source "ChessBase"]
[SourceDate "2023.07.31"]
[SourceVersion "1"]
[SourceVersionDate "2023.07.31"]
[SourceQuality "1"]

1. d4 Nf6 2. c4 e6 3. Nf3 Bb4+ 4. Bd2 Qe7 5. g3 Nc6 6. Nc3 Bxc3 7. Bxc3 Ne4 8. Qc2 Nxc3 9. Qxc3 Qb4 10. Rc1 a5 11. Bg2 d6 12. 0-0 Qxc3 13. Rxc3 e5 14. dxe5 dxe5 15. Nxe5 Nxe5 16. Re3 0-0 17. Rxe5 Rd8 18. b3 c6 19. a4 Kf8 20. Re3 Bf5 21. f4 Rd2 22. Bf3 Re8 23. Rc3 Rc2 24. Rc1 Rb2 25. Kf2 Rd8 26. g4 Bb1 27. Ke3 Rd7 28. c5 Re7+ 29. Kf2 Be4 30. Kg3 Bxf3 31. exf3 Ree2 32. h3 Rbd2 33. f5 f6 34. Rb1 Rg2+ 35. Kf4 Rge2 36. Re3 Rxe3 37. Kxe3 Rc2 38. b4 Rc3+ 39. Kd4 Ra3 40. bxa5 Rxa4+ 41. Kc3 Rxa5 42. Rxb7 Rxc5+ 43. Kd4 Rc1 44. Rb8+ Kf7 45. Rb7+ Kf8 46. Rc7 h6 47. h4 Kg8 48. Ke4 Kf8 49. Rc8+ Kf7 50. Rc7+ Kf8 51. Kd4 Kg8 52. Ke4 Kf8 53. f4 Rg1 54. Kf3 Rf1+ 55. Kg3 Rg1+ 56. Kh3 Rf1 57. g5 hxg5 58. fxg5 fxg5 59. hxg5 Rxf5 60. Kg4 g6 61. Rxc6 Kg7 62. Rc4 Ra5 63. Re4 Rb5 64. Kf4 Rf5+ 65. Kg4 Rb5 66. Kf4 1/2-1/2

[Event "China zt 3.5"]
[Site "Shenzhen"]
[Date "2023.04.12"]
[Round "8"]
[White "Zhang, Di"]
[Black "Bai, Jinshi"]
[Result "0-1"]
[WhiteElo "2143"]
[BlackElo "2571"]
[PlyCount "88"]
[EventDate "2023.04.05"]
[EventType "swiss"]
[EventRounds "9"]
[EventCountry "CHN"]
[SourceTitle "CBM 213 Extra"]
[Source "ChessBase"]
[SourceDate "2023.05.31"]
[SourceVersion "1"]
[SourceVersionDate "2023.05.31"]
[SourceQuality "1"]

1. d4 d5 2. Bg5 h6 3. Bh4 c6 4. Nf3 Qb6 5. Qc1 g5 6. Bg3 g4 7. Ne5 Qxd4 8. c4 Bg7 9. e3 Qc5 10. Nd2 Nd7 11. Nd3 Qa5 12. b4 Qa4 13. Be2 Ngf6 14. 0-0 Ne4 15. Bxg4 Bxa1 16. Qxa1 Ndf6 17. Nxe4 dxe4 18. Nc5 Qxb4 19. Nxe4 Rg8 20. Nd6+ exd6 21. Qxf6 Qc5 22. Bh4 Kf8 23. Qxh6+ Ke8 24. Qf6 Kf8 25. Qh6+ Ke8 26. Qf6 Kf8 27. Qe7+ Kg7 28. Bf6+ Kg6 29. Be2 Qf5 30. Bc3 Qg5 31. Qxd6+ Kh7 32. g3 Bg4 33. Bf6 Qg6 34. Bd3 Bf5 35. Qd4 Bxd3 36. Rd1 Be4 37. Qe5 Qf5 38. Rd4 Rae8 39. Qxf5+ Bxf5 40. Rd2 Re4 41. f3 Rxe3 42. Kf2 Rge8 43. g4 Bd3 44. Kg3 Be2 0-1

[Event "China zt 3.5"]
[Site "Shenzhen"]
[Date "2023.04.11"]
[Round "7"]
[White "Peng, Xiongjian"]
[Black "Zhang, Di"]
[Result "1-0"]
[WhiteElo "2461"]
[BlackElo "2143"]
[PlyCount "97"]
[EventDate "2023.04.05"]
[EventType "swiss"]
[EventRounds "9"]
[EventCountry "CHN"]
[SourceTitle "CBM 213 Extra"]
[Source "ChessBase"]
[SourceDate "2023.05.31"]
[SourceVersion "1"]
[SourceVersionDate "2023.05.31"]
[SourceQuality "1"]

1. e4 c5 2. Nf3 d6 3. d4 cxd4 4. Nxd4 Nf6 5. Nc3 Nc6 6. Bg5 a6 7. Qd2 e6 8. 0-0-0 Qc7 9. f4 Be7 10. Nf3 b5 11. Bd3 b4 12. Ne2 Bb7 13. f5 e5 14. Ng3 0-0-0 15. Qe2 Qa5 16. Bc4 Rhf8 17. Bxf6 gxf6 18. Nf1 Kb8 19. Ne3 Rc8 20. Kb1 Na7 21. Nd2 Qa4 22. Qd3 Rc7 23. Qb3 Qxb3 24. axb3 Nc6 25. Bd5 Rfc8 26. Nf3 Bf8 27. Nc4 a5 28. Rhe1 Ba6 29. Nb6 Rd8 30. Bc4 Ra7 31. Bxa6 Rxa6 32. Nd5 Be7 33. Ka2 Rd7 34. Ra1 Bd8 35. Kb1 Rda7 36. Ra4 Rb7 37. Rd1 Ka8 38. Rd3 Nb8 39. Nd2 Nd7 40. Rh3 Nc5 41. Rxh7 Nxa4 42. bxa4 Rd7 43. h4 Kb7 44. h5 Bb6 45. Nc4 Bf2 46. Rh8 Kc6 47. h6 Rda7 48. h7 Ra8 49. Rg8 1-0

[Event "CHN-chT Div A KO"]
[Site "Liaocheng"]
[Date "2023.02.11"]
[Round "6.3"]
[White "Lin, Chen"]
[Black "Zhang, Di"]
[Result "1-0"]
[WhiteElo "2488"]
[BlackElo "2183"]
[PlyCount "87"]
[EventDate "2023.02.06"]
[EventType "team-k.o."]
[EventRounds "6"]
[EventCountry "CHN"]
[SourceTitle "CBM 212 Extra"]
[Source "ChessBase"]
[SourceDate "2023.03.31"]
[SourceVersion "1"]
[SourceVersionDate "2023.03.31"]
[SourceQuality "1"]
[WhiteTeam "Jiangsu"]
[BlackTeam "Beijing"]
[WhiteTeamCountry "CHN"]
[BlackTeamCountry "CHN"]

1. b3 c5 2. Bb2 Nc6 3. Nf3 d5 4. e3 Nf6 5. Bb5 Bd7 6. 0-0 e6 7. d3 Be7 8. Bxc6 Bxc6 9. Ne5 Qc7 10. Nd2 0-0 11. f4 b5 12. f5 Rad8 13. a4 a6 14. axb5 axb5 15. fxe6 fxe6 16. Ndf3 Bd6 17. Qe1 Bb7 18. Qa5 b4 19. Qxc7 Bxc7 20. Ng5 Rfe8 21. Nef7 Ra8 22. Rxa8 Rxa8 23. Bxf6 gxf6 24. Nh6+ Kg7 25. Nxe6+ Kxh6 26. Rxf6+ Kh5 27. Nxc7 Ra2 28. Rb6 Bc8 29. Nxd5 Rxc2 30. d4 Kg4 31. dxc5 Rxc5 32. Rxb4+ Kg5 33. h4+ Kh6 34. Nf4 Bf5 35. Kf2 Rc1 36. Rc4 Rb1 37. b4 Rb2+ 38. Kf3 Rb3 39. g4 Bb1 40. g5+ Kg7 41. h5 h6 42. Rc7+ Kg8 43. gxh6 Rxb4 44. Ng6 1-0

[Event "CHN-chT Div A KO"]
[Site "Liaocheng"]
[Date "2023.02.08"]
[Round "3.4"]
[White "Zhang, Di"]
[Black "Nie, Xinyang"]
[Result "1-0"]
[WhiteElo "2183"]
[BlackElo "2360"]
[PlyCount "79"]
[EventDate "2023.02.06"]
[EventType "team-k.o."]
[EventRounds "6"]
[EventCountry "CHN"]
[SourceTitle "CBM 212 Extra"]
[Source "ChessBase"]
[SourceDate "2023.03.31"]
[SourceVersion "1"]
[SourceVersionDate "2023.03.31"]
[SourceQuality "1"]
[WhiteTeam "Beijing"]
[BlackTeam "Chongqing Jiulongpo"]
[WhiteTeamCountry "CHN"]
[BlackTeamCountry "CHN"]

1. e4 c5 2. Nc3 d6 3. d4 cxd4 4. Qxd4 Nc6 5. Qd2 g6 6. b3 Bh6 7. f4 Nf6 8. Bb2 e5 9. g3 0-0 10. 0-0-0 Re8 11. Kb1 a6 12. Bg2 Bg4 13. Re1 exf4 14. gxf4 Qa5 15. h3 Bh5 16. Nf3 Rad8 17. Nd5 Nxd5 18. exd5 Bxf3 19. Qxa5 Nxa5 20. Bxf3 b5 21. f5 Nb7 22. f6 Nc5 23. h4 Rxe1+ 24. Rxe1 Kf8 25. b4 Nd7 26. Re7 Nb6 27. Bd4 Nc4 28. Bg4 Na3+ 29. Kb2 Nc4+ 30. Kb3 Nd2+ 31. Kc3 Bf4 32. Kd3 Nc4 33. Be6 fxe6 34. dxe6 Ne5+ 35. Ke4 Bg3 36. Rxh7 Kg8 37. Rg7+ Kh8 38. e7 d5+ 39. Ke3 Rc8 40. f7 1-0

[Event "CHN-chB"]
[Site "Qiziwan"]
[Date "2023.02.02"]
[Round "7"]
[White "Jin, Yueheng"]
[Black "Zhang, Di"]
[Result "1-0"]
[WhiteElo "1900"]
[BlackElo "2183"]
[PlyCount "117"]
[EventDate "2023.01.30"]
[EventType "swiss"]
[EventRounds "11"]
[EventCountry "CHN"]
[SourceTitle "CBM 212 Extra"]
[Source "ChessBase"]
[SourceDate "2023.03.31"]
[SourceVersion "1"]
[SourceVersionDate "2023.03.31"]
[SourceQuality "1"]

1. d4 Nf6 2. g3 d5 3. c4 c6 4. Nf3 g6 5. Bg2 Bg7 6. cxd5 cxd5 7. Nc3 Nc6 8. Ne5 0-0 9. 0-0 Ne4 10. Nxc6 bxc6 11. Nxe4 dxe4 12. Bxe4 Bh3 13. Bxc6 Bxf1 14. Bxa8 Qxa8 15. Qxf1 Bxd4 16. Qg2 Qxg2+ 17. Kxg2 Rc8 18. Rb1 Rc2 19. Kf1 f5 20. Ke1 Kf7 21. Kd1 Rc8 22. e3 Be5 23. Bd2 Ke6 24. b3 Bd6 25. Rc1 Rb8 26. Rc4 Kd5 27. f3 Ke6 28. Ke2 Kd7 29. Bc3 a6 30. Kd3 Rb5 31. Ra4 Rd5+ 32. Rd4 Rb5 33. b4 e5 34. Rh4 Ke6 35. a4 Rb7 36. Rc4 Kd7 37. e4 h6 38. Bd2 Rb8 39. Ke2 Be7 40. Bc3 Bd6 41. Kd2 Rf8 42. Ke3 h5 43. exf5 gxf5 44. Rh4 Ke6 45. Rxh5 Rb8 46. Rh4 Kd5 47. Kd3 Rc8 48. Rh5 Rf8 49. Bd2 Rf7 50. Bc3 Rf8 51. h4 Rf7 52. Bd2 Be7 53. b5 axb5 54. axb5 Bc5 55. Be3 Bxe3 56. Kxe3 f4+ 57. gxf4 Rxf4 58. b6 Rb4 59. Rh6 1-0